000 00270nam a22001217a 4500
008 190306b xxu||||| |||| 00| 0 eng d
041 _aeng
080 _27th
_a616
100 _a8
101 _aPAT
245 _aSynopsis of Pathology
_cAnderson, W.A.D
942 _2udc
_cBK
999 _c54628
_d54628